La gran aventura educativa: educación escolar y extraescolar centrada en la persona
Sparad:
| Huvudupphovsmän: | , , , , |
|---|---|
| Materialtyp: | Bok |
| Språk: | spanska |
| Publicerad: |
Santiago
Paulinas
1984
|
| Serie: | Colección pedagogía dinámica, 1
|
| Ämnen: | |
| Taggar: |
Lägg till en tagg
Inga taggar, Lägg till första taggen!
|
MARC
| LEADER | 00000nam a2200000 a 4500 | ||
|---|---|---|---|
| 001 | UCY8425 | ||
| 003 | CL-VaPUC | ||
| 008 | 950703e19840100CL |||||||||||||||||spa|d | ||
| 082 | 0 | 4 | |a 371.394 |b ABU |2 21 |
| 100 | 0 | |a Aburto Spitzer, Germán |e author |9 339758 | |
| 700 | 0 | |a Burrows Galán, Fernando |e author |9 339759 | |
| 700 | 0 | |a Pereira Opazo, Fermín |e author |9 339760 | |
| 700 | 0 | |a Reyes Santelices, José |e author |9 339761 | |
| 700 | 0 | |a Torres Aedo, Jaime |e author |9 339762 | |
| 245 | 1 | 3 | |a La gran aventura educativa: educación escolar y extraescolar centrada en la persona |
| 300 | |a 185 p | ||
| 942 | |c BK | ||
| 945 | |d 19950703 00:00:00 |a mfernand | ||
| 260 | |a Santiago |b Paulinas |c 1984 | ||
| 650 | 0 | |a Sistemas educacionales |9 324695 | |
| 650 | 7 | |a ENSEÑANZA INDIVIDUALIZADA |2 CL-VaPUC |9 307241 | |
| 650 | 7 | |a EDUCACION EXTRAESCOLAR |2 CL-VaPUC |9 311165 | |
| 650 | 7 | |a PROYECTOS EDUCACIONALES |2 CL-VaPUC |9 339763 | |
| 583 | |a last modification |c 19950703 00:00:00 |k Rodrigo Vera | ||
| 490 | 0 | |a Colección pedagogía dinámica, 1 | |
| 999 | |c 235666 |d 235664 | ||
| 952 | |0 0 |1 0 |4 0 |6 371_394000000000000_ABU_1984 |7 0 |8 P |9 243232 |a BIBEDU |b BIBEDU |c BIBEDU_PB |d 2019-11-18 |i 1525484 |o 371.394 ABU 1984 |p 1525484 |r 2024-01-25 |w 2019-11-18 |y BK |k EDU | ||